LE SSERAFIM Discography - Statistics

General Stats
  • This quiz has been taken 31 times
  • The average score is 30 of 42
Answer Stats
Answer % Correct
FEARLESS
100%
ANTIFRAGILE
96%
CRAZY
96%
EASY
96%
UNFORGIVEN
96%
Sour Grapes
91%
Blue Flame
87%
Hot
87%
The Great Mermaid
87%
Different
83%
Smart
83%
The World Is My Oyster
83%
1-800-hot-n-fun
78%
Impurities
78%
No Celestial
78%
Chasing Lightning
74%
Choices
74%
Good Parts (when the quality is bad but I am)
74%
No-Return (Into the unknown)
74%
Swan Song
74%
Burn the Bridge
70%
Crazier
70%
Eve, Psyche, & The Bluebeard's wife
70%
FEARNOT (Between you, me and the lamppost)
70%
Fire in the belly
70%
Good Bones
70%
Pierrot
70%
So Cynical (Badum)
70%
The Hydra
70%
Ash
65%
Come Over
65%
We got so much
65%
Kawaii
61%
Perfect Night
61%
Flash Forward
57%
Jewelry
57%
SPAGHETTI
57%
Born Fire
52%
Pearlies (My oyster is the world)
52%
Star Signs
48%
Guardian
43%
Dresscode
30%
No matching quizzes found
Score Distribution
Percent of People with Each Score
Percentile by Number Answered
Your Score History
You have not taken this quiz